000 00399nam a2200157Ia 4500
008 230711s9999||||xx |||||||||||||| ||und||
041 _aENG
082 _a540
_bZU-C
100 _aZumdahl,Steven S
245 0 _aIntroductory Chemistry : A Foundation
250 _a1st . Ed.
260 _c1990
_aNew Delhi
_bDover Publications,Inc
650 _aChemistry
700 _aDeCoste,Donald J
942 _cBK
999 _c2347
_d2347